Lịch sử văn minh Ấn Độ

Sách trình bày tổng quan về Ấn Độ, nghiên cứu về lịch sử phát triển văn hoá, tôn giáo, xã hội,...từ trước công nguyên cho tới nay: Phật thích ca, đời sống quần chúng, đời sống tinh thần, văn học, nghệ thuật Ấn Độ, đạo Kitô...

Description complète

Enregistré dans:
Détails bibliographiques
Auteur principal: Durant, Will
Autres auteurs: Nguyễn Hiến Lê ((Dịch))
Format: Livre
Langue:Vietnamese
Publié: H. Hồng Đức 2021
Collection:The Lessons of history
Sujets:
Tags: Ajouter un tag
Pas de tags, Soyez le premier à ajouter un tag!
Thư viện lưu trữ: Thư viện Trường Đại học Nam Cần Thơ
LEADER 01200nam a22002177a 4500
001 NCT_95900
008 181030b xxu||||| |||| 00| 0 vie d
999 |c 4766  |d 4766 
020 |c 177000  |a 9786043214109 
082 0 4 |2 23rd ed.  |a 954  |b D951 
100 1 |a Durant, Will 
245 1 0 |a Lịch sử văn minh Ấn Độ  |c Will Durant ; Nguyễn Hiến Lê (Dịch) 
260 |a H.  |b Hồng Đức  |c 2021 
300 |a 482 tr.  |b Minh họa  |c 21cm 
490 0 |a The Lessons of history 
520 3 |a Sách trình bày tổng quan về Ấn Độ, nghiên cứu về lịch sử phát triển văn hoá, tôn giáo, xã hội,...từ trước công nguyên cho tới nay: Phật thích ca, đời sống quần chúng, đời sống tinh thần, văn học, nghệ thuật Ấn Độ, đạo Kitô 
653 |a Quản trị DV Du lịch và Lữ hành 
700 1 |a Nguyễn Hiến Lê  |e (Dịch) 
942 |2 ddc  |c BK 
952 |0 0  |1 0  |2 ddc  |4 0  |6 954_000000000000000_D951  |7 0  |9 22144  |a 000001  |b 000001  |d 2022-01-17  |o 954 D951  |p MD.19204  |r 2022-01-17  |v 177000.00  |w 2022-01-17  |y BK 
980 |a Thư viện Trường Đại học Nam Cần Thơ